000 00627nam a2200241Ia 4500
003 OSt
005 20220926012800.0
006 a|||||r|||| 00| 0
007 ta
008 220923b |||||||| |||| 00| 0 eng d
037 _cGeneral Book
040 _aRTL
_cRTL
_beng
041 _2eng
_aeng
082 _aR2, G8
100 _aWhitehead Alfred North
245 0 _aModes of thought
260 _aNew York
_bFree Press U. S. A.
_c1938
300 _aviii, 179p
_ccm.
650 _a Philosophy
650 _aEpistemology
942 _hR2, G8
_cGB
_2CC
999 _c624327
_d624327